[Event "XVIII. DBMM Schach"]
[Site "Altenberg OT Zinnwald"]
[Date "2018.11.10"]
[Round "6.3"]
[White "Kaliski, Achim"]
[Black "Santos, Paulo"]
[Result "1-0"]
[WhiteElo "1993"]
[BlackElo "1823"]
[Annotator "br"]
[PlyCount "101"]
[EventDate "2018.11.??"]
[EventType "team-swiss"]
[EventRounds "7"]
[EventCountry "GER"]
[SourceTitle "XVIII. DBMM 2018"]
[Source "FV Schach e.V."]
[SourceDate "2018.11.12"]
[SourceVersion "1"]
[SourceVersionDate "2018.11.12"]
[SourceQuality "1"]
[WhiteTeam "Baubehoerde Hamburg"]
[BlackTeam "Europaeisches Patentamt Muenchen II"]
[WhiteTeamCountry "GER"]
[BlackTeamCountry "GER"]

1. e4 e5 2. Nc3 Nc6 3. Bc4 Nf6 4. a3 d6 5. d3 Be7 6. h3 O-O 7. Nge2 Be6 8. Ba2
Bxa2 9. Nxa2 d5 10. exd5 Nxd5 11. O-O Bc5 12. Nac3 f5 13. Nxd5 Qxd5 14. Nc3 Qf7
15. Be3 Bd6 16. f4 Rad8 17. Qf3 Qe7 18. Rae1 Qd7 19. Ne2 Rde8 20. Ng3 exf4 21.
Bxf4 Bc5+ 22. Kh1 Be7 23. Bd2 Nd4 24. Qxb7 Rb8 25. Qa6 Bh4 26. Bf4 Rxb2 27.
Qc4+ Kh8 28. c3 Nb5 29. Qc5 Nd6 30. Re2 Rxe2 31. Nxe2 Re8 32. Nd4 a6 33. Bxd6
cxd6 34. Qxf5 Qd8 35. Qf7 Bf6 36. Nc6 Qc8 37. Rxf6 gxf6 38. Qxf6+ Kg8 39. Ne7+
Rxe7 40. Qxe7 Qc6 41. c4 Qb6 42. Qe4 a5 43. d4 a4 44. Qd5+ Kg7 45. c5 dxc5 46.
Qxc5 Qxc5 47. dxc5 Kf6 48. Kg1 Ke5 49. Kf2 Kd5 50. c6 Kxc6 51. Ke3 1-0

[Event "XVIII. DBMM Schach"]
[Site "Altenberg OT Zinnwald"]
[Date "2018.11.10"]
[Round "6.4"]
[White "Achermann, Didier"]
[Black "Buchholz, Robert"]
[Result "0-1"]
[WhiteElo "1785"]
[BlackElo "1967"]
[Annotator "br"]
[PlyCount "128"]
[EventDate "2018.11.??"]
[EventType "team-swiss"]
[EventRounds "7"]
[EventCountry "GER"]
[SourceTitle "XVIII. DBMM 2018"]
[Source "FV Schach e.V."]
[SourceDate "2018.11.12"]
[SourceVersion "1"]
[SourceVersionDate "2018.11.12"]
[SourceQuality "1"]
[WhiteTeam "Europaeisches Patentamt Muenchen II"]
[BlackTeam "Baubehoerde Hamburg"]
[WhiteTeamCountry "GER"]
[BlackTeamCountry "GER"]

1. e4 d5 2. exd5 Nf6 3. d4 Nxd5 4. c4 Nb6 5. Nc3 e5 6. Be3 exd4 7. Qxd4 Qxd4 8.
Bxd4 Nc6 9. Be3 Bf5 10. O-O-O Rd8 11. Rxd8+ Kxd8 12. Nf3 Bb4 13. Nd1 Be7 14.
Nd4 Nxd4 15. Bxd4 f6 16. Ne3 Be6 17. Be2 c5 18. Bc3 Bd6 19. Rd1 Ke7 20. b3 Bf4
21. Bd2 Be5 22. Bg4 h5 23. Bxe6 Kxe6 24. Nf1 Rd8 25. Be3 Rxd1+ 26. Kxd1 Nd7 27.
h3 g5 28. Nd2 b6 29. Nf3 Bd6 30. g4 hxg4 31. hxg4 Nf8 32. Ke2 Ng6 33. Kd3 Bf4
34. Ke4 Bxe3 35. fxe3 Ne7 36. Kd3 Nc6 37. a3 Ne5+ 38. Nxe5 Kxe5 39. b4 a5 40.
bxa5 bxa5 41. a4 f5 42. gxf5 Kxf5 43. Kd2 Ke4 44. Ke2 g4 45. Kf2 Kd3 46. Kg3
Kxe3 47. Kxg4 Ke4 48. Kg5 Kd4 49. Kf5 Kxc4 50. Ke5 Kd3 51. Kd5 c4 52. Kc5 c3
53. Kb5 c2 54. Kxa5 c1=Q 55. Kb6 Qc8 56. Ka7 Qc7+ 57. Ka6 Qb8 58. a5 Qa8+ 59.
Kb6 Kc4 60. a6 Kb4 61. a7 Kc4 62. Kc7 Kc5 63. Kd7 Kd5 64. Kc7 Qxa7+ 0-1

[Event "XVIII. DBMM Schach"]
[Site "Altenberg OT Zinnwald"]
[Date "2018.11.10"]
[Round "6.1"]
[White "Jordan, Dirk"]
[Black "Schmidt, Gerhard"]
[Result "1-0"]
[WhiteElo "2188"]
[BlackElo "2040"]
[Annotator "br"]
[PlyCount "61"]
[EventDate "2018.11.??"]
[EventType "team-swiss"]
[EventRounds "7"]
[EventCountry "GER"]
[SourceTitle "XVIII. DBMM 2018"]
[Source "FV Schach e.V."]
[SourceDate "2018.11.12"]
[SourceVersion "1"]
[SourceVersionDate "2018.11.12"]
[SourceQuality "1"]
[WhiteTeam "Dresdner Schachfestival"]
[BlackTeam "Europark Altenberg/SV St.2"]
[WhiteTeamCountry "GER"]
[BlackTeamCountry "GER"]

1. d4 Nf6 2. Bg5 g6 3. Bxf6 exf6 4. e3 Bg7 5. g3 O-O 6. Bg2 c5 7. c3 cxd4 8.
cxd4 Qa5+ 9. Nc3 Nc6 10. Nge2 Rb8 11. a3 b6 12. O-O Bb7 13. Nd5 b5 14. b4 Qd8
15. Qd3 a6 16. Rfc1 Ne7 17. Nef4 g5 18. Nxe7+ Qxe7 19. Bxb7 Rxb7 20. Ne2 Qd6
21. Rc5 Rfb8 22. Rac1 Bf8 23. e4 Qb6 24. Rf5 Be7 25. Nc3 Rc8 26. Rd1 d5 27.
Nxd5 Qd6 28. Qf3 Kg7 29. e5 fxe5 30. Rxf7+ Kg8 31. dxe5 1-0

[Event "XVIII. DBMM Schach"]
[Site "Altenberg OT Zinnwald"]
[Date "2018.11.10"]
[Round "6.2"]
[White "Wirth, Volker"]
[Black "Poenisch, Egmont"]
[Result "1/2-1/2"]
[WhiteElo "1753"]
[BlackElo "2145"]
[Annotator "br"]
[PlyCount "32"]
[EventDate "2018.11.??"]
[EventType "team-swiss"]
[EventRounds "7"]
[EventCountry "GER"]
[SourceTitle "XVIII. DBMM 2018"]
[Source "FV Schach e.V."]
[SourceDate "2018.11.12"]
[SourceVersion "1"]
[SourceVersionDate "2018.11.12"]
[SourceQuality "1"]
[WhiteTeam "Europark Altenberg/SV St.2"]
[BlackTeam "Dresdner Schachfestival"]
[WhiteTeamCountry "GER"]
[BlackTeamCountry "GER"]

1. d4 g6 2. c4 Bg7 3. Nf3 d6 4. Nc3 Nf6 5. e4 Bg4 6. Be2 O-O 7. O-O Nc6 8. Be3
Bxf3 9. Bxf3 e5 10. d5 Ne7 11. c5 Ne8 12. Nb5 a6 13. Na3 f5 $11 14. Rc1 Nf6 15.
Qd3 f4 16. Bd2 g5 1/2-1/2

[Event "XVIII. DBMM Schach"]
[Site "Altenberg OT Zinnwald"]
[Date "2018.11.10"]
[Round "6.3"]
[White "Sebastian, Martin"]
[Black "Bussler, Juergen"]
[Result "1/2-1/2"]
[WhiteElo "1957"]
[BlackElo "1909"]
[Annotator "br"]
[PlyCount "66"]
[EventDate "2018.11.??"]
[EventType "team-swiss"]
[EventRounds "7"]
[EventCountry "GER"]
[SourceTitle "XVIII. DBMM 2018"]
[Source "FV Schach e.V."]
[SourceDate "2018.11.12"]
[SourceVersion "1"]
[SourceVersionDate "2018.11.12"]
[SourceQuality "1"]
[WhiteTeam "Dresdner Schachfestival"]
[BlackTeam "Europark Altenberg/SV St.2"]
[WhiteTeamCountry "GER"]
[BlackTeamCountry "GER"]

1. e4 c5 2. Nf3 Nc6 3. d4 cxd4 4. Nxd4 d6 5. c4 Nf6 6. Nc3 g6 7. Be2 Bg7 8. Be3
O-O 9. O-O Bd7 10. Nc2 a6 11. f3 Rc8 12. Na4 Ne5 13. Nb6 Rc6 14. Nxd7 Qxd7 15.
b3 Rcc8 16. Rc1 Rfd8 17. Qe1 Rf8 18. Qf2 Ne8 19. Nd4 Nc6 20. Rfe1 Nxd4 21. Bxd4
f5 22. exf5 Qxf5 23. Bxg7 Nxg7 24. Qb6 Qc5+ $11 25. Qxc5 Rxc5 26. Bd3 e5 27.
Be4 b6 28. Bd5+ Kh8 29. Bb7 a5 30. Rcd1 Rd8 31. Rd2 Kg8 32. Rf2 g5 33. g3 Rf8
1/2-1/2

[Event "XVIII. DBMM Schach"]
[Site "Altenberg OT Zinnwald"]
[Date "2018.11.10"]
[Round "6.4"]
[White "Bojarzin, Christoph"]
[Black "Wieland, Karsten"]
[Result "1-0"]
[WhiteElo "1520"]
[BlackElo "1676"]
[Annotator "br"]
[PlyCount "71"]
[EventDate "2018.11.??"]
[EventType "team-swiss"]
[EventRounds "7"]
[EventCountry "GER"]
[SourceTitle "XVIII. DBMM 2018"]
[Source "FV Schach e.V."]
[SourceDate "2018.11.12"]
[SourceVersion "1"]
[SourceVersionDate "2018.11.12"]
[SourceQuality "1"]
[WhiteTeam "Europark Altenberg/SV St.2"]
[BlackTeam "Dresdner Schachfestival"]
[WhiteTeamCountry "GER"]
[BlackTeamCountry "GER"]

1. d4 d5 2. Nf3 Nf6 3. g3 g6 4. Bg2 Bg7 5. O-O O-O 6. c3 c6 7. Nbd2 Bf5 8. Re1
Nbd7 9. Nh4 Be6 10. e4 dxe4 11. Nxe4 Bd5 12. Nxf6+ Nxf6 13. Bxd5 cxd5 14. Ng2
Re8 15. Bf4 Qd7 16. Be5 Ne4 17. Qd3 f6 18. Bf4 e5 19. dxe5 fxe5 20. Rxe4 exf4
21. Rxe8+ Rxe8 22. Nxf4 d4 23. Rd1 Qa4 24. b3 Qxa2 25. cxd4 a6 26. d5 Qa5 27.
Kf1 Bc3 28. d6 Qe5 29. d7 Rd8 30. Qc4+ Kh8 31. Ne6 Ba5 32. Nxd8 Bxd8 33. Re1
Qf6 34. Re8+ Kg7 35. Qg8+ Kh6 36. Qf8+ 1-0

[Event "XVIII. DBMM Schach"]
[Site "Altenberg OT Zinnwald"]
[Date "2018.11.10"]
[Round "6.1"]
[White "Koerlin, Hans Juergen"]
[Black "Tangermann, Erhard"]
[Result "1-0"]
[WhiteElo "1878"]
[BlackElo "1741"]
[Annotator "br"]
[PlyCount "65"]
[EventDate "2018.11.??"]
[EventType "team-swiss"]
[EventRounds "7"]
[EventCountry "GER"]
[SourceTitle "XVIII. DBMM 2018"]
[Source "FV Schach e.V."]
[SourceDate "2018.11.12"]
[SourceVersion "1"]
[SourceVersionDate "2018.11.12"]
[SourceQuality "1"]
[WhiteTeam "BA Tempelhof Berlin II"]
[BlackTeam "Stern Ludwigsfelde"]
[WhiteTeamCountry "GER"]
[BlackTeamCountry "GER"]

1. e4 d6 2. d4 Nf6 3. Nc3 g6 4. f4 c6 5. Nf3 Bg7 6. a4 a5 7. Be2 O-O 8. O-O Qb6
9. Kh1 Bd7 10. Ra3 Na6 11. e5 Nd5 12. Ne4 Qc7 13. Qe1 f5 14. Neg5 h6 15. Qh4 b5
16. c4 bxc4 17. Bxc4 Nab4 18. Nh3 Be8 19. Qg3 Kh7 20. Nhg5+ Kh8 21. Ne6 Qd7 22.
Nxf8 Bxf8 23. Qh4 Kg8 24. Ng1 Kh7 25. Rh3 Rb8 26. Nf3 Bg7 27. e6 Qa7 28. g4
fxg4 29. Qxg4 Nf6 30. Qh4 Kg8 31. f5 g5 32. Bxg5 hxg5 33. Qxg5 1-0

[Event "XVIII. DBMM Schach"]
[Site "Altenberg OT Zinnwald"]
[Date "2018.11.10"]
[Round "6.2"]
[White "Grandt, Bernd"]
[Black "Glienke, Michael"]
[Result "1-0"]
[WhiteElo "1978"]
[BlackElo "1667"]
[Annotator "br"]
[PlyCount "31"]
[EventDate "2018.11.??"]
[EventType "team-swiss"]
[EventRounds "7"]
[EventCountry "GER"]
[SourceTitle "XVIII. DBMM 2018"]
[Source "FV Schach e.V."]
[SourceDate "2018.11.12"]
[SourceVersion "1"]
[SourceVersionDate "2018.11.12"]
[SourceQuality "1"]
[WhiteTeam "Stern Ludwigsfelde"]
[BlackTeam "BA Tempelhof Berlin II"]
[WhiteTeamCountry "GER"]
[BlackTeamCountry "GER"]

1. d4 d5 2. Nf3 Nf6 3. c4 e6 4. Bg5 Be7 5. Nc3 O-O 6. e3 b6 7. Rc1 Bb7 8. Bd3
dxc4 9. Bxc4 c5 10. O-O cxd4 11. Nxd4 Nc6 12. Nxc6 Bxc6 13. Qe2 Qd6 14. Rfd1
Qc5 15. Bh4 Qh5 16. Qxh5 1-0

[Event "XVIII. DBMM Schach"]
[Site "Altenberg OT Zinnwald"]
[Date "2018.11.10"]
[Round "6.3"]
[White "Meseck, Michael"]
[Black "Meyer, Jens Uwe"]
[Result "0-1"]
[WhiteElo "1545"]
[BlackElo "1896"]
[Annotator "br"]
[PlyCount "62"]
[EventDate "2018.11.??"]
[EventType "team-swiss"]
[EventRounds "7"]
[EventCountry "GER"]
[SourceTitle "XVIII. DBMM 2018"]
[Source "FV Schach e.V."]
[SourceDate "2018.11.12"]
[SourceVersion "1"]
[SourceVersionDate "2018.11.12"]
[SourceQuality "1"]
[WhiteTeam "BA Tempelhof Berlin II"]
[BlackTeam "Stern Ludwigsfelde"]
[WhiteTeamCountry "GER"]
[BlackTeamCountry "GER"]

1. d4 f5 2. c4 Nf6 3. Nc3 g6 4. Nf3 Bg7 5. b3 d6 6. Bb2 O-O 7. Qc2 Nc6 8. Rd1
Qe8 9. a3 e5 10. dxe5 dxe5 11. e4 Nd4 12. Nxd4 exd4 13. Nb5 c5 14. Nd6 Qe7 15.
Nxc8 Raxc8 16. Be2 fxe4 17. O-O d3 18. Bxd3 exd3 19. Rxd3 Rcd8 20. Re3 Qd7 21.
f3 Qd2 22. Re2 Qxc2 23. Rxc2 Rfe8 24. b4 Nd7 25. Bc1 Bd4+ 26. Kh1 Re6 27. g4
Rde8 28. f4 Re2 29. Rxe2 Rxe2 30. h4 Nf6 31. f5 Nxg4 0-1

[Event "XVIII. DBMM Schach"]
[Site "Altenberg OT Zinnwald"]
[Date "2018.11.10"]
[Round "6.4"]
[White "Bond, Oliver"]
[Black "Frahm, Werner"]
[Result "1/2-1/2"]
[WhiteElo "1700"]
[BlackElo "1547"]
[Annotator "br"]
[PlyCount "90"]
[EventDate "2018.11.??"]
[EventType "team-swiss"]
[EventRounds "7"]
[EventCountry "GER"]
[SourceTitle "XVIII. DBMM 2018"]
[Source "FV Schach e.V."]
[SourceDate "2018.11.12"]
[SourceVersion "1"]
[SourceVersionDate "2018.11.12"]
[SourceQuality "1"]
[WhiteTeam "Stern Ludwigsfelde"]
[BlackTeam "BA Tempelhof Berlin II"]
[WhiteTeamCountry "GER"]
[BlackTeamCountry "GER"]

1. d4 Nf6 2. c4 d5 3. Nc3 e6 4. Nf3 Be7 5. e3 Nbd7 6. cxd5 exd5 7. Be2 c6 8.
Qc2 Bb4 9. Bd2 O-O 10. h3 Bxc3 11. bxc3 Re8 12. c4 Nb6 13. c5 Nbd7 14. O-O Ne4
15. Be1 Nf8 16. Nd2 Qe7 17. Nxe4 dxe4 18. f4 exf3 19. Rxf3 Be6 20. Bc4 Rad8 21.
Bg3 Bxc4 22. Qxc4 Ne6 23. Raf1 f6 24. Bd6 Rxd6 25. cxd6 Qxd6 26. Rf4 Kf8 27.
Re4 b5 28. Qb3 a5 29. a3 Re7 30. Qa2 Nc7 31. Rxe7 Qxe7 32. Re1 Nd5 33. e4 Nc3
34. Qb3 Nxe4 35. Qf3 Ng5 36. Qc3 Qd6 37. Qe3 Qd7 38. h4 Nf7 39. Qe4 f5 40. Qf4
Nd6 41. Re5 g6 42. g4 Kg7 43. Qe3 Ne4 44. g5 Qc7 45. Kf1 Qd6 1/2-1/2

[Event "XVIII. DBMM Schach"]
[Site "Altenberg OT Zinnwald"]
[Date "2018.11.10"]
[Round "6.1"]
[White "Schroeder, Kai Uwe"]
[Black "Kraemer, Sigfried"]
[Result "1/2-1/2"]
[WhiteElo "1873"]
[BlackElo "2146"]
[Annotator "br"]
[PlyCount "27"]
[EventDate "2018.11.??"]
[EventType "team-swiss"]
[EventRounds "7"]
[EventCountry "GER"]
[SourceTitle "XVIII. DBMM 2018"]
[Source "FV Schach e.V."]
[SourceDate "2018.11.12"]
[SourceVersion "1"]
[SourceVersionDate "2018.11.12"]
[SourceQuality "1"]
[WhiteTeam "Baubehoerde Hamburg II"]
[BlackTeam "SG Stern Stuttgart"]
[WhiteTeamCountry "GER"]
[BlackTeamCountry "GER"]

1. e4 e6 2. d4 d5 3. exd5 exd5 4. Bd3 Bd6 5. Ne2 Ne7 6. O-O Nbc6 7. c3 Bg4 8.
f3 Be6 9. Bf4 Qd7 10. Bxd6 Qxd6 11. Na3 O-O 12. Qd2 Rae8 13. Qf4 Qd7 14. Rfe1
1/2-1/2

[Event "XVIII. DBMM Schach"]
[Site "Altenberg OT Zinnwald"]
[Date "2018.11.10"]
[Round "6.2"]
[White "Bangert, Udo"]
[Black "Hartmann, Jens"]
[Result "1/2-1/2"]
[WhiteElo "1893"]
[BlackElo "1839"]
[Annotator "br"]
[PlyCount "149"]
[EventDate "2018.11.??"]
[EventType "team-swiss"]
[EventRounds "7"]
[EventCountry "GER"]
[SourceTitle "XVIII. DBMM 2018"]
[Source "FV Schach e.V."]
[SourceDate "2018.11.12"]
[SourceVersion "1"]
[SourceVersionDate "2018.11.12"]
[SourceQuality "1"]
[WhiteTeam "SG Stern Stuttgart"]
[BlackTeam "Baubehoerde Hamburg II"]
[WhiteTeamCountry "GER"]
[BlackTeamCountry "GER"]

1. d4 g6 2. c4 Bg7 3. Nc3 d6 4. e4 e5 5. d5 Ne7 6. g3 O-O 7. Bg2 Bd7 8. Nge2 a6
9. Be3 b5 10. c5 Qc8 11. h4 b4 12. Na4 Bxa4 13. Qxa4 a5 14. Rc1 Qa6 15. Qc2 a4
16. a3 b3 17. Qd2 Qa5 18. Rc3 Na6 19. c6 Rab8 20. Rc4 Qb5 21. Qc3 f5 22. f3
fxe4 23. fxe4 Nc8 24. g4 Nb6 25. Bxb6 Qxb6 26. Bf3 Rf7 27. Rh3 Nc5 28. g5 Rbf8
29. Rg3 Qa6 30. Kf2 Qa7 31. Kg2 Qa6 32. Rh3 Qc8 33. Rg3 Qd8 34. Qe3 Qe7 35. Rc3
Qd8 36. Rc4 Qa8 37. Nc3 Qa6 38. Qe2 Rf4 39. Rh3 h6 40. Kf2 Qc8 41. Kg2 hxg5 42.
hxg5 Qd8 43. Rg3 Kf7 44. Nxa4 Nxa4 45. Rxa4 Rh8 46. Bg4 Rh4 47. Be6+ Ke7 48.
Rb4 Qh8 49. Rh3 Rxh3 50. Bxh3 Qh4 51. Rxb3 Qxg5+ 52. Rg3 Qf6 53. b4 Bh6 54. Rg4
Rxg4+ 55. Qxg4 Be3 56. Qe6+ Qxe6 57. dxe6 Bc1 58. a4 Bd2 59. b5 Ba5 60. Kf3 Kf6
61. Bg4 Ke7 62. Ke3 Kf6 63. Kd3 Ke7 64. Kc4 Kf6 65. b6 Bxb6 66. Kb5 Bd4 67. Ka6
Ke7 68. Kb7 Bb6 69. Ka6 Bd4 70. Ka5 Be3 71. Kb5 Bd4 72. a5 Be3 73. a6 Bd4 74.
Kc4 Ba7 $11 75. Kd3 1/2-1/2

[Event "XVIII. DBMM Schach"]
[Site "Altenberg OT Zinnwald"]
[Date "2018.11.10"]
[Round "6.3"]
[White "Raum, Norbert"]
[Black "Wepfer, Bernd"]
[Result "1/2-1/2"]
[WhiteElo "1842"]
[BlackElo "1831"]
[Annotator "br"]
[PlyCount "77"]
[EventDate "2018.11.??"]
[EventType "team-swiss"]
[EventRounds "7"]
[EventCountry "GER"]
[SourceTitle "XVIII. DBMM 2018"]
[Source "FV Schach e.V."]
[SourceDate "2018.11.12"]
[SourceVersion "1"]
[SourceVersionDate "2018.11.12"]
[SourceQuality "1"]
[WhiteTeam "Baubehoerde Hamburg II"]
[BlackTeam "SG Stern Stuttgart"]
[WhiteTeamCountry "GER"]
[BlackTeamCountry "GER"]

1. Nf3 Nf6 2. g3 g6 3. Bg2 Bg7 4. O-O O-O 5. c4 d6 6. Nc3 c5 7. b3 Ne4 8. Bb2
Nxc3 9. Bxc3 Bxc3 10. dxc3 Nd7 11. Qd2 Kg7 12. Ng5 Nf6 13. Rfd1 Rb8 14. b4 Qc7
15. Ne4 Nxe4 16. Bxe4 b6 17. b5 a6 18. a4 a5 19. Bc6 Bb7 20. Bxb7 Qxb7 21. Qd5
Qxd5 22. cxd5 f5 23. f4 h5 24. Rd3 Rb7 25. Re3 Rf6 26. Rd1 Kf7 27. Kg2 Rc7 28.
Kh3 Rc8 29. Kh4 Rh8 30. Rdd3 Rh7 31. Rf3 Rh8 32. Rd1 Rh7 33. Kh3 Rh8 34. Re1 e6
35. Rd1 exd5 36. Rxd5 Rd8 37. Rfd3 Ke7 38. Kh4 Rh8 39. Re3+ 1/2-1/2

[Event "XVIII. DBMM Schach"]
[Site "Altenberg OT Zinnwald"]
[Date "2018.11.10"]
[Round "6.4"]
[White "Salomon, Hendrik"]
[Black "Hoffeins, Hans Werner"]
[Result "0-1"]
[WhiteElo "1300"]
[BlackElo "1542"]
[Annotator "br"]
[PlyCount "22"]
[EventDate "2018.11.??"]
[EventType "team-swiss"]
[EventRounds "7"]
[EventCountry "GER"]
[SourceTitle "XVIII. DBMM 2018"]
[Source "FV Schach e.V."]
[SourceDate "2018.11.12"]
[SourceVersion "1"]
[SourceVersionDate "2018.11.12"]
[SourceQuality "1"]
[WhiteTeam "SG Stern Stuttgart"]
[BlackTeam "Baubehoerde Hamburg II"]
[WhiteTeamCountry "GER"]
[BlackTeamCountry "GER"]

1. c4 Nf6 2. Nf3 g6 3. d4 Bg7 4. Nc3 O-O 5. Bf4 d6 6. e3 Nbd7 7. d5 Nc5 8. Qc2
Bf5 9. Qd2 Nfe4 10. Nxe4 Nxe4 11. Bd3 Nxd2 0-1

[Event "XVIII. DBMM Schach"]
[Site "Altenberg OT Zinnwald"]
[Date "2018.11.10"]
[Round "6.1"]
[White "Blum, Norbert"]
[Black "Jacobsen, Ruediger"]
[Result "1-0"]
[WhiteElo "1956"]
[BlackElo "1466"]
[Annotator "br"]
[PlyCount "59"]
[EventDate "2018.11.??"]
[EventType "team-swiss"]
[EventRounds "7"]
[EventCountry "GER"]
[SourceTitle "XVIII. DBMM 2018"]
[Source "FV Schach e.V."]
[SourceDate "2018.11.12"]
[SourceVersion "1"]
[SourceVersionDate "2018.11.12"]
[SourceQuality "1"]
[WhiteTeam "Sparkassen-Vers. Stuttgart"]
[BlackTeam "SG Airbus Bremen"]
[WhiteTeamCountry "GER"]
[BlackTeamCountry "GER"]

1. e4 e5 2. Nf3 Nc6 3. d4 exd4 4. Nxd4 Be7 5. Nxc6 dxc6 6. Qxd8+ Bxd8 7. Nc3
Be6 8. Bf4 Ne7 9. O-O-O Ng6 10. Bg3 Bh4 11. Bxh4 Nxh4 12. f4 f5 13. g3 Ng6 14.
exf5 Bxf5 15. Bc4 Rd8 16. Rhe1+ Ne7 17. Re5 Rxd1+ 18. Nxd1 Kd8 19. Ne3 g6 20.
Be2 h5 21. h4 Bd7 22. Rg5 Nf5 23. Nxf5 Bxf5 24. Bd3 Bxd3 25. cxd3 Ke7 26. Rxg6
Kf7 27. Rg5 Rg8 28. Rxg8 Kxg8 29. Kd2 Kf7 30. Ke3 1-0

[Event "XVIII. DBMM Schach"]
[Site "Altenberg OT Zinnwald"]
[Date "2018.11.10"]
[Round "6.2"]
[White "Hueners, Rolf"]
[Black "Bischoff, Ulrich"]
[Result "0-1"]
[WhiteElo "1400"]
[BlackElo "2050"]
[Annotator "br"]
[PlyCount "84"]
[EventDate "2018.11.??"]
[EventType "team-swiss"]
[EventRounds "7"]
[EventCountry "GER"]
[SourceTitle "XVIII. DBMM 2018"]
[Source "FV Schach e.V."]
[SourceDate "2018.11.12"]
[SourceVersion "1"]
[SourceVersionDate "2018.11.12"]
[SourceQuality "1"]
[WhiteTeam "SG Airbus Bremen"]
[BlackTeam "Sparkassen-Vers. Stuttgart"]
[WhiteTeamCountry "GER"]
[BlackTeamCountry "GER"]

1. d4 d5 2. e3 Nf6 3. Nf3 e6 4. c4 dxc4 5. Bxc4 a6 6. a4 c5 7. b3 cxd4 8. Qxd4
Qxd4 9. Nxd4 b6 10. O-O Bb7 11. Nd2 Bb4 12. N2f3 Nbd7 13. Bb2 O-O 14. Rfd1 Rac8
15. Nxe6 Rxc4 16. bxc4 fxe6 17. Bxf6 Nxf6 18. Ng5 e5 19. Rdb1 a5 20. Rd1 Re8
21. Nf3 Bc6 22. Nd2 Kf7 23. Nb3 Ne4 24. h3 Nc3 25. Rf1 Bxa4 26. Nc1 Rd8 27. Na2
Nxa2 28. Rxa2 Bb3 29. Raa1 Bxc4 30. Rfd1 Rxd1+ 31. Rxd1 Ke7 32. Kh2 b5 33. g4
a4 34. g5 a3 35. Rg1 a2 36. h4 Bc3 37. Kg3 a1=Q 38. Rxa1 Bxa1 39. f4 b4 40. Kg4
b3 41. f5 Be2+ 42. Kg3 b2 0-1

[Event "XVIII. DBMM Schach"]
[Site "Altenberg OT Zinnwald"]
[Date "2018.11.10"]
[Round "6.3"]
[White "Marten, Gero"]
[Black "Waltz, Juergen"]
[Result "1-0"]
[WhiteElo "2008"]
[BlackElo "1400"]
[Annotator "br"]
[PlyCount "27"]
[EventDate "2018.11.??"]
[EventType "team-swiss"]
[EventRounds "7"]
[EventCountry "GER"]
[SourceTitle "XVIII. DBMM 2018"]
[Source "FV Schach e.V."]
[SourceDate "2018.11.12"]
[SourceVersion "1"]
[SourceVersionDate "2018.11.12"]
[SourceQuality "1"]
[WhiteTeam "Sparkassen-Vers. Stuttgart"]
[BlackTeam "SG Airbus Bremen"]
[WhiteTeamCountry "GER"]
[BlackTeamCountry "GER"]

1. Nf3 Nf6 2. g3 e6 3. Bg2 d5 4. O-O Nc6 5. d4 h6 6. c4 b6 7. Ne5 Bb7 8. Qa4
Nd7 9. Nxc6 Bxc6 10. Qxc6 Rb8 11. cxd5 exd5 12. Nc3 Bd6 13. Bh3 b5 14. Nxd5 1-0

[Event "XVIII. DBMM Schach"]
[Site "Altenberg OT Zinnwald"]
[Date "2018.11.10"]
[Round "6.1"]
[White "Wolf, Wilfried"]
[Black "Warnest, Stefan"]
[Result "1/2-1/2"]
[WhiteElo "1515"]
[BlackElo "1537"]
[Annotator "br"]
[PlyCount "38"]
[EventDate "2018.11.??"]
[EventType "team-swiss"]
[EventRounds "7"]
[EventCountry "GER"]
[SourceTitle "XVIII. DBMM 2018"]
[Source "FV Schach e.V."]
[SourceDate "2018.11.12"]
[SourceVersion "1"]
[SourceVersionDate "2018.11.12"]
[SourceQuality "1"]
[WhiteTeam "BA Tempelhof Berlin IV"]
[BlackTeam "BA Tempelhof Berlin III"]
[WhiteTeamCountry "GER"]
[BlackTeamCountry "GER"]

1. e4 c6 2. Nf3 d5 3. exd5 cxd5 4. d4 Nf6 5. Be2 Bg4 6. O-O e6 7. c3 Be7 8. Be3
O-O 9. Nbd2 Nc6 10. Ne5 Bxe2 11. Qxe2 Qc7 12. f4 Rac8 13. g4 Nd7 14. g5 f6 15.
gxf6 Bxf6 16. Rf3 Na5 17. Raf1 Bxe5 18. fxe5 Nc4 19. Rxf8+ Rxf8 1/2-1/2

[Event "XVIII. DBMM Schach"]
[Site "Altenberg OT Zinnwald"]
[Date "2018.11.10"]
[Round "6.2"]
[White "Kalkowski, Thomas"]
[Black "Schneider, Eckehard"]
[Result "0-1"]
[WhiteElo "1455"]
[BlackElo "1733"]
[Annotator "br"]
[PlyCount "32"]
[EventDate "2018.11.??"]
[EventType "team-swiss"]
[EventRounds "7"]
[EventCountry "GER"]
[SourceTitle "XVIII. DBMM 2018"]
[Source "FV Schach e.V."]
[SourceDate "2018.11.12"]
[SourceVersion "1"]
[SourceVersionDate "2018.11.12"]
[SourceQuality "1"]
[WhiteTeam "BA Tempelhof Berlin III"]
[BlackTeam "BA Tempelhof Berlin IV"]
[WhiteTeamCountry "GER"]
[BlackTeamCountry "GER"]

1. e4 e6 2. d4 d5 3. exd5 exd5 4. g3 Bd6 5. Bg2 c6 6. Be3 Nf6 7. Nd2 O-O 8. Ne2
Re8 9. O-O Bf5 10. Re1 Nbd7 11. Bf4 Bb4 12. c3 Ba5 13. b4 Bb6 14. Nc1 Ne4 15.
f3 Nxc3 16. Rxe8+ Qxe8 0-1

[Event "XVIII. DBMM Schach"]
[Site "Altenberg OT Zinnwald"]
[Date "2018.11.10"]
[Round "6.4"]
[White "Mahler, Sonja"]
[Black "Dankovic, Oliver"]
[Result "1-0"]
[WhiteElo "1492"]
[BlackElo "1338"]
[Annotator "br"]
[PlyCount "31"]
[EventDate "2018.11.??"]
[EventType "team-swiss"]
[EventRounds "7"]
[EventCountry "GER"]
[SourceTitle "XVIII. DBMM 2018"]
[Source "FV Schach e.V."]
[SourceDate "2018.11.12"]
[SourceVersion "1"]
[SourceVersionDate "2018.11.12"]
[SourceQuality "1"]
[WhiteTeam "BA Tempelhof Berlin III"]
[BlackTeam "BA Tempelhof Berlin IV"]
[WhiteTeamCountry "GER"]
[BlackTeamCountry "GER"]

1. d4 d5 2. Bf4 Bf5 3. c3 Nf6 4. Qb3 b6 5. Nf3 Nbd7 6. e3 e6 7. Bb5 h6 8. Ne5
a6 9. Bc6 Rb8 10. Qa4 a5 11. Bb5 Bd6 12. Nc6 Qc8 13. Bg3 Rb7 14. Nd2 Bxg3 15.
fxg3 O-O 16. Ne7+ 1-0